000 00482nam a2200181Ia 4500
001 8373
005 20260306160604.0
008 260306t2013||||xx |||||||||||||| ||spa||
041 _aESP
082 _a370.7
_bM84
100 _aMontes Iturrizaga, Iván
_eAUT
245 0 _aLa investigación en ciencias de la educación en el Perú:
_baportes para el debate
260 _c2013
300 _a551 páginas :
_c23 cm.
650 _aGEN
654 _aCED
942 _cLIB
_dJUS
_fJUS
_2ddc
_n
999 _c8373
_d8373